Foundation of artificial intelligence and expert system (Record no. 108755)

MARC details
000 -LEADER
fixed length control field 00376nam a2200145Ia 4500
008 - FIXED-LENGTH DATA ELEMENTS--GENERAL INFORMATION
fixed length control field 230917s9999||||xx |||||||||||||| ||und||
040 ## - CATALOGING SOURCE
-- 138741
Original cataloging agency VIVEKANANDA LIBRARY
041 ## - Language
-- English
082 ## - DDC NUMBER
Classification number 006.3 J251F
100 ## - MAIN ENTRY--PERSONAL NAME
Personal name Janakiraman, V S
245 #0 - TITLE STATEMENT
Title Foundation of artificial intelligence and expert system
260 ## - PUBLICATION, DISTRIBUTION, ETC. (IMPRINT)
Place of publication, distribution, etc Delhi
Name of publisher, distributor, etc Mcmillan
Date of publication, distribution, etc 2001
300 ## - PHYSICAL DESCRIPTION
Pages 227 p.
942 ## - ADDED ENTRY ELEMENTS (KOHA)
Koha item type Books
Holdings
Withdrawn status Lost status Damaged status Not for loan Location (home branch) Sublocation or collection (holding branch) Shelving location Date acquired Koha issues (times borrowed) Koha full call number Accession No. Koha date last seen Koha item type
        VIVEKANANDA LIBRARY VIVEKANANDA LIBRARY UIET Library 17/02/2010 3 006.3 J251F 195298 01/04/2026 Books
        VIVEKANANDA LIBRARY VIVEKANANDA LIBRARY UIET Library 17/02/2010   006.3 J251F 195302 17/09/2023 Books
        VIVEKANANDA LIBRARY VIVEKANANDA LIBRARY UIET Library 17/02/2010 2 006.3 J251F 195304 16/04/2026 Books
© Designed and Maintained by Vivekananda Library, MDU Rohtak